Tableau des médailles olympiques - Amsterdam 1928 - Statistiques

Statistiques générales
  • Ce quiz a été pris 10 fois
  • Le résultat moyen est 9 sur 10
Statistiques - réponses
Or Argent Bronze Total Pays % Correct
10 7 14 31 Allemagne
100%
22 18 16 56 États-Unis
100%
6 10 5 21 France
100%
3 10 7 20 Grande-Bretagne
100%
7 5 7 19 Italie
100%
4 4 7 15 Canada
90%
6 9 4 19 Pays-Bas
90%
7 6 12 25 Suède
70%
8 8 9 25 Finlande
60%
7 4 4 15 Suisse
60%
Aucun quiz correspondant
Distribution des résultats
% des personnes avec chaque résultat
Percentile par nombre de réponses
Votre historique - résultats
Vous n’avez pas pris ce quiz